000 00497nam a22001937a 4500
005 20240718103524.0
008 240718b |||||||| |||| 00| 0 eng d
020 _a0-07-282606-1
082 _a330
_bFRA-P
100 _aFrank Robert. H
245 _aPrinciples of Macro Economics.
_cRobert H.Franks
250 _a2nd ed.
260 _aIrwin;
_bMcGraw-Hill;
_c2004
300 _avii, 294 p.:
_bill;
_c27.5 cm.
650 _aEconomics
700 _aBen S. Bernanke
999 _c36129
_d36129